The complete works of Edgar Allan Poe

Guardado en:
書目詳細資料
主要作者: Poe, Edgar Allan
格式: 圖書
語言:Undetermined
出版: New York, Estados Unidos AMS Press 1979
主題:
標簽: 添加標簽
沒有標簽, 成為第一個標記此記錄!

MARC

LEADER 00000nam a2200000Ia 4500
008 170316s9999 xx 000 0 und d
040 |a cru BVZT 
090 |a 810 P-15co v.8 
100 |a Poe, Edgar Allan 
245 4 |a The complete works of Edgar Allan Poe 
260 |a New York, Estados Unidos 
260 |b AMS Press 
260 |c 1979 
300 |a 340 páginas Vol 8 (Litterary Criticism 1) 
650 |a LITERATURA ESTADOUNIDENSE 
999 |c 6027  |d 6027 
942 |c 15 D  |h 810 P-15co v.8  |2 z